00399nam a2200133Ia 4500003000400000008004100004020002300045040000800068100002200076245008900098260005300187300001300240365001200253LDD181029s9999 xx 000 0 und d a335193501cP 13.99 cLDD aGOODLAD, Sinclair 4aThe Quest for qualitybsixteen forms of Heresy in higher educationcSinclair GOODLAD aBuckinghambSRHE and Open University Pressc1995 aix,123p. bP 13.99